000 00411 a2200109 4500
082 _a158.7 SCH
100 _aSchultz, Duane P.
245 _aPsychology and Industry Today : an introduction to industrial and organization psychology
_cDuane P.Schultz, Sydney Ellen Schultz
250 _a2nd ed.
260 _aislamabad :
_bNational Book Foundation,
300 _aix, 593p. :
_bill ., ;
_c25 cm
650 _aPsychology -- Organizational Psychology
999 _c190
_d190